|
|
|
|
| LEADER |
00000nab a2200000 a 4500 |
| 001 |
vtls000677661 |
| 003 |
SK-MaSNL |
| 005 |
20260302191013.0 |
| 008 |
180206c1998 xo 0 slo |
| 015 |
|
|
|a SNBRB1998/11-30584
|
| 035 |
|
|
|a CLN000029830
|
| 040 |
|
|
|a SNKBUCL
|b slo
|c SNKBUCL
|e AACR2
|
| 041 |
0 |
|
|a slo
|
| 044 |
|
|
|a xo
|c SK
|
| 080 |
|
|
|a 349.2:362.173
|2 UDC-MRF-SK2
|
| 100 |
0 |
|
|a N.D.
|4 aut
|9 901228
|
| 245 |
1 |
0 |
|a Pracovné právo
|n IX. časť
|c [autor] N.D.
|
| 650 |
0 |
7 |
|a právo pracovné
|x dovolenka materská
|2 snkbucl
|9 905916
|
| 650 |
0 |
7 |
|a dovolenka materská
|2 snkbucl
|9 870520
|
| 655 |
|
7 |
|a články z novín a časopisov
|2 snkbucl
|9 267496
|
| 773 |
0 |
|
|t Odborárske spektrum
|g Roč. 9, č. 45 (1998)
|
| 773 |
0 |
|
|t [Príl.] Paragrafy pod lupou
|g Č. 45 (1998), s. 1-4
|
| 850 |
|
|
|a Slovenská národná knižnica v Martine
|
| 852 |
|
|
|a SNK
|b KIS3GCP
|
| 958 |
|
|
|a RBX
|
| 999 |
|
|
|c 1435621
|d 1437551
|